000
00303nam a22001217a 4500
008
140211t xxu||||| |||| 00| 0 eng d
020
_a
978-0-19-567477-4
100
_a
H.W. Wade & C.F Forsyth
_9
720
245
_a
Administrative law
250
_a
Ninth Edition
300
_a
xvi, 1035 p. ;
942
_2
ddc
_c
BK
999
_c
16978
_d
16978